| 000 | 00615nam a22002177a 4500 | ||
|---|---|---|---|
| 999 |
_c9221 _d9221 |
||
| 003 | AR-CdUCM | ||
| 008 | 190327b ||||| |||| 00| 0 spa d | ||
| 020 | _a978-612-00-2420-1 | ||
| 040 |
_aMUNICIPALIDAD PROVINCIAL DEL CUSCO _cBIBLIOTECA MUNICIPAL DEL CUSCO |
||
| 082 |
_a869.56 / _bAN59 |
||
| 100 |
_aAndrade Ochoa, Crisóstomo _925287 |
||
| 245 | _aMaría / | ||
| 260 |
_aLima : _bESM & Flor, _c2016. |
||
| 300 |
_a57 páginas ; _c20 cm. |
||
| 505 | _aContenido: Novela. | ||
| 650 |
_aLiteratura Peruana _9132 |
||
| 650 |
_aSiglo XXI _92856 |
||
| 650 |
_aPoemas _9929 |
||
| 942 |
_2ddc _cLIBROS |
||
| 945 | _aachl | ||